| 000 | 01390nam0a2200313 4500 | ||
|---|---|---|---|
| 001 | RU\NLR\bibl\984068 | ||
| 005 | 20250614215328.0 | ||
| 010 |
_a5-9524-2258-6 _96000 |
||
| 035 | _a(NLR Aleph) 000971945 | ||
| 090 |
_a404798 _c404798 |
||
| 100 | _a20060914d2006 |||y0rusy50 ca | ||
| 101 | 1 |
_arus _cger |
|
| 102 | _aRU | ||
| 105 | _aac ||||||||| | ||
| 200 | 1 |
_aКанарис. Руководитель военной разведки вермахта, 1935-1945 _fКарл Хайнц Абсхаген _g[пер. Г.П. Бляблина] |
|
| 210 |
_aМосква _cЦентрполиграф _d2006 |
||
| 215 |
_a299, [2] с., [4] л., ил., портр. _d21 |
||
| 225 | 1 |
_aЗа линией фронта _iБиографии |
|
| 300 | _aЗагл. и авт. ориг.: Canaris. Patriot und Weltburger / Karl Heinz Abshagen | ||
| 454 | 0 |
_12001#$aCanaris. Patriot und Weltburger$fKarl Heinz Abshagen _1700#1$aAbshagen$bK. H.$gKarl Heinz$4070 _tCanaris. Patriot und Weltburger _aAbshagen, Karl Heinz |
|
| 600 | 1 |
_aКанарис _bФ.В. _f1887 - 1945 _gФридрих Вильгельм _91251884 _3RU\NLR\auth\66512592 |
|
| 686 | 1 | _aЦ35(0)62-68,2дКанарис | |
| 700 | 1 |
_aАбсхаген _bК. Х. _gКарл Хайнц _4070 |
|
| 801 | 0 |
_aRU _bNLR _c20060914 _grcr |
|
| 801 | 1 |
_aRU _bNLR _c20060914 |
|
| 942 | _cBOOK | ||
| 980 | _aNB | ||